Statistiques concernant Pays ayant les plus courts côte

Cliquez ici pour prendre le quiz!

Statistiques générales

  • Ce quiz a été pris 147 fois
  • Le résultat moyen est 7 sur 14

Statistiques - réponses

KmHintPays% Correct
4.1EuropeMonaco
90%
20EuropeBosnie-Herzégovine
71%
46.6EuropeSlovenie
69%
30OceanieNauru
66%
80AfriqueGambie
61%
66.5EuropeBelgique
58%
24OceanieTuvalu
57%
56AfriqueTogo
47%
37AfriqueRD Congo
44%
90EuropeLituanie
43%
84AmeriquesSaint-Vincent-et-les-Grenadines
38%
97AmeriquesBarbade
32%
58AsieIrak
28%
26AsieJordanie
28%

Distribution des résultats

Percentile par nombre de réponses

% des personnes avec chaque résultat

Votre développement - résultats

Vous n’avez pas pris ce quiz